01289nam a22004337a 4500003000800000005001700008008004100025020001500066040001700081041000800098082001500106100002400121245005100145250001200196260005100208300001900259505002300278505003900301505003700340505002100377505003000398505003600428505003500464505003200499505003400531505003100565650001400596650002400610650001600634653002400650653002200674653001600696653001800712653002500730653002600755653002200781653002000803700003200823IBSLLIB20260511053515.0260511b |||||||| |||| 00| 0 eng d a0070637342 aISBLLIBbeng hEng a332.6bTEW aTeweles , Richard J aThe Futures Game : bWho Wins? Who Loses? Why? a2nd ed. aNew York : bMcGraw-Hill Book Company , c1974 a649 p ;b24 cm aWhy trade Futures? aThe Natures of the futures Markets aThe Mechanics of Futures Trading aMoney Management aWho Wins? Who Loses? Why? aGeneral Sources of Information  aThe Soybean complex and Grains aThe Meat Futures Contracts  aThe Financial Futures Markets aA Potpourri of Commodities aEconomics aFinancial Economics aInvestment  aCommodity exchanges aFinancial futures aSpeculation aIntroduction  aStatistical Evidence aConceptual foundation aBehavioral skills aEconomic Growth aJones , Frank JeCoo Author